000 00686nam a2200205Ia 4500
003 GCL
008 140319s9999 xx 000 0 ara d
040 _aGCL /
_cGCL
082 0 4 _a629.8042
_bا ت
100 1 _aاحمد عبدالمتعال
245 1 0 _aالتحكم الهيدروليكى وتطبيقاته /
_cاحمد عبدالمتعال
250 _aالاولى
260 _aالقاهرة :
_bدار النشر الجامعية ،
_c1997
300 _a273 ص ؛
_c24 سم
650 0 4 _aالحاسبات الالكترونية
650 0 4 _aالتحكم الالى
650 0 4 _aنظام الحكم
650 0 4 _aالتحكم الهيدروليكى
942 _2ddc
_cBK
999 _c5514
_d5514